header

Regeneration of war-torn societies (Record no. 123027)

MARC details
000 -LEADER
fixed length control field 01492nam a2200409 a 4500
082 04 - DEWEY DECIMAL CLASSIFICATION NUMBER
Classification number 363.3498526
245 00 - TITLE STATEMENT
Title Regeneration of war-torn societies
260 ## - PUBLICATION, DISTRIBUTION, ETC. (IMPRINT)
Place of publication Basingstoke :
Name of publisher Macmillan Press,
Year of publication 2000.
300 ## - PHYSICAL DESCRIPTION
Number of Pages xvi, 249 p.
490 1# - SERIES STATEMENT
Series statement Global issues series
650 #0 - SUBJECT ADDED ENTRY--TOPICAL TERM
Topical Term Humanitarian assistance.
Topical Term International relief.
Topical Term War and society.
Topical Term Security, International.
Topical Term Peace.
Topical Term Reconciliation.
700 1# - ADDED ENTRY--PERSONAL NAME
Personal name Pugh, Michael C.
856 40 - ELECTRONIC LOCATION AND ACCESS
Uniform Resource Identifier http://site.ebrary.com/lib/rucke/Doc?id=2004500

No items available.

© 2026 Rongo University
Contact us: librarian | system librarian | Rongo university